<?xml version="1.0" encoding="UTF-8"?><?xml-stylesheet type="text/xsl" href="static/style.xsl"?><OAI-PMH xmlns="http://www.openarchives.org/OAI/2.0/" xmlns:xsi="http://www.w3.org/2001/XMLSchema-instance" xsi:schemaLocation="http://www.openarchives.org/OAI/2.0/ http://www.openarchives.org/OAI/2.0/OAI-PMH.xsd"><responseDate>2026-04-28T19:23:45Z</responseDate><request verb="GetRecord" identifier="oai:riubu.ubu.es:10259/10923" metadataPrefix="marc">https://riubu.ubu.es/oai/request</request><GetRecord><record><header><identifier>oai:riubu.ubu.es:10259/10923</identifier><datestamp>2025-10-04T00:05:28Z</datestamp><setSpec>com_10259_4862</setSpec><setSpec>com_10259_5086</setSpec><setSpec>com_10259_2604</setSpec><setSpec>col_10259_4863</setSpec></header><metadata><record xmlns="http://www.loc.gov/MARC21/slim" xmlns:doc="http://www.lyncode.com/xoai" xmlns:xsi="http://www.w3.org/2001/XMLSchema-instance" xmlns:dcterms="http://purl.org/dc/terms/" xsi:schemaLocation="http://www.loc.gov/MARC21/slim http://www.loc.gov/standards/marcxml/schema/MARC21slim.xsd">
<leader>00925njm 22002777a 4500</leader>
<datafield tag="042" ind1=" " ind2=" ">
<subfield code="a">dc</subfield>
</datafield>
<datafield tag="720" ind1=" " ind2=" ">
<subfield code="a">Aslam, Sadaf</subfield>
<subfield code="e">author</subfield>
</datafield>
<datafield tag="720" ind1=" " ind2=" ">
<subfield code="a">Sánchez-Aparicio, M. T.</subfield>
<subfield code="e">author</subfield>
</datafield>
<datafield tag="720" ind1=" " ind2=" ">
<subfield code="a">Siempelkamp, Braden D.</subfield>
<subfield code="e">author</subfield>
</datafield>
<datafield tag="720" ind1=" " ind2=" ">
<subfield code="a">Dornan, Gillian L.</subfield>
<subfield code="e">author</subfield>
</datafield>
<datafield tag="720" ind1=" " ind2=" ">
<subfield code="a">Tsolakos, Nikos</subfield>
<subfield code="e">author</subfield>
</datafield>
<datafield tag="720" ind1=" " ind2=" ">
<subfield code="a">Burke, John E.</subfield>
<subfield code="e">author</subfield>
</datafield>
<datafield tag="720" ind1=" " ind2=" ">
<subfield code="a">Hale, Benjamin G.</subfield>
<subfield code="e">author</subfield>
</datafield>
<datafield tag="720" ind1=" " ind2=" ">
<subfield code="a">García Sastre, Adolfo</subfield>
<subfield code="e">author</subfield>
</datafield>
<datafield tag="720" ind1=" " ind2=" ">
<subfield code="a">Ayllón Barasoain, Juan</subfield>
<subfield code="e">author</subfield>
</datafield>
<datafield tag="260" ind1=" " ind2=" ">
<subfield code="c">2025-08</subfield>
</datafield>
<datafield tag="520" ind1=" " ind2=" ">
<subfield code="a">The nonstructural protein 1 (NS1) of influenza A virus performs a broad variety of&#xd;
proviral activities in the infected cell, primarily mediating evasion from the host innate&#xd;
immune response by being the main viral interferon antagonist. However, there are&#xd;
several interactions whose biological relevance remains obscure, such as the ability of&#xd;
NS1 to bind and activate class IA phosphoinositide 3-kinases&#xd;
(PI3Ks). PI3Ks are highly&#xd;
regulated lipid kinases that act as critical nodes in multiple cell signaling networks and&#xd;
are also important proto-oncogenes.&#xd;
This activation is mediated by NS1 binding specifically&#xd;
to the p85β subunit. To better understand the consequences of this interaction, we&#xd;
developed a bimolecular fluorescence complementation (BiFC) assay to selectively track&#xd;
the different PI3K heterodimers and, using this system, we found that NS1 induces an&#xd;
isoform-specific&#xd;
relocation and activation of the different PI3K heterodimers. We found&#xd;
that clinically relevant oncogenic mutations in both catalytic and regulatory subunits of&#xd;
PI3K could mimic the effect caused by NS1, and partially rescue the loss of viral fitness&#xd;
in a recombinant virus encoding a p85β-binding&#xd;
deficient NS1.</subfield>
</datafield>
<datafield tag="024" ind2=" " ind1="8">
<subfield code="a">1091-6490</subfield>
</datafield>
<datafield tag="024" ind2=" " ind1="8">
<subfield code="a">https://hdl.handle.net/10259/10923</subfield>
</datafield>
<datafield tag="024" ind2=" " ind1="8">
<subfield code="a">10.1073/pnas.2423066122</subfield>
</datafield>
<datafield ind1=" " ind2=" " tag="653">
<subfield code="a">Influenza</subfield>
</datafield>
<datafield ind1=" " ind2=" " tag="653">
<subfield code="a">Oncogenesis</subfield>
</datafield>
<datafield ind1=" " ind2=" " tag="653">
<subfield code="a">PI3K</subfield>
</datafield>
<datafield tag="245" ind1="0" ind2="0">
<subfield code="a">Influenza A virus NS1 protein mimics oncogenic PI3K resulting in isoform specific cellular redistribution and activation</subfield>
</datafield>
</record></metadata></record></GetRecord></OAI-PMH>